00878 2200301 4500001002100000005001700021008004100038020001800079035002400097082001100121090002100132100002700153245010900180250001100289260003800300300001800338500005500356500002600411500001100437650002700448700001600475700002000491850001500511980001400526985000600540999001500546999001500561YOGYA-0209000003401920090227024840.0 ind  a979-561-308-1 0010-020900000034019 a297.64 a297.64bAww MlT aAWWAD, Jaudah Muhammad aMendidik anak secara IslamcJaudah Muhammad Awwad ; penerjemah, Shihabuddin ; penyunting, Euis Erinawati aCet. 4 aJakartabGemma Insani Pressc1997 a95 hlmc21 cm aJudul asli : Manhajul Islami fit Tarbiyatil athfal aBibliografi : hlm. 93 aIndeks aPendidikan Agama Islam aShihabuddin aErinawati, Euis aYOPDYOG(B) a7-10-2006 a2 a98P0107135 a98P0107137